000 00219nam a22000857a 4500
008 170620b xxu||||| |||| 00| 0 eng d
100 _93587
_aDahanukar. S. V. T
245 _aA drug is born
260 _aNew delhi
_bN. B. T
_c2000
999 _c6973
_d6973